Statistics for Taylor Swift - 1989 Track Listing

Click here to take the quiz!

General Stats

  • This quiz has been taken 35 times
  • The average score is 13 of 16

Answer Stats

Track% Correct
2Blank Space
100%
1Welcome To New York
100%
3Style
96%
4Out Of The Woods
89%
10How You Get The Girl
86%
9Wildest Dreams
86%
5All You Had To Do Was Stay
82%
13Clean
82%
12I Know Places
82%
11This Love
82%
8Bad Blood
79%
7I Wish You Would
79%
6Shake It Off
79%
14Wonderland
79%
15You Are In Love
71%
16New Romantics
68%

Score Distribution

Percentile by Number Answered

Percent of People with Each Score

Your Score History

You have not taken this quiz